Los dos primeros libros impresos en Filipinas / (Record no. 138979)

MARC details
000 -LEADER
campo de control de longitud fija 00557nam a2200181 4500
001 - NÚMERO DE CONTROL
campo de control 138979
003 - IDENTIFICADOR DE NÚMERO DE CONTROL
campo de control ES-MaACL
005 - FECHA Y HORA DE LA ÚLTIMA TRANSACCIÓN
campo de control 20250830063103.0
007 - CAMPO FIJO DE DESCRIPCIÓN FÍSICA--INFORMACIÓN GENERAL
campo de control de longitud fija t|
008 - DATOS DE LONGITUD FIJA--INFORMACIÓN GENERAL
campo de control de longitud fija 070214q1951 sp r ||||1| spa d
100 1# - ENTRADA PRINCIPAL--NOMBRE DE PERSONA
Nombre de persona Sanz, Carlos,
Fechas asociadas al nombre 1903-1979
9 (RLIN) 103566
245 14 - MENCIÓN DEL TÍTULO
Título Los dos primeros libros impresos en Filipinas /
Mención de responsabilidad, etc. Carlos Sanz López.
260 ## - PUBLICACIÓN, DISTRIBUCIÓN, ETC.
Lugar de publicación, distribución, etc. [S. l. :
Nombre del editor, distribuidor, etc. s. n.],
Fecha de publicación, distribución, etc. 1951.
300 ## - DESCRIPCIÓN FÍSICA
Extensión 1 h. :
Otras características físicas il. ;
Dimensiones 30 cm.
500 ## - NOTA GENERAL
Nota general Publicado en ABC el 2 de octubre de 1951.
852 ## - LOCALIZACIÓN
Ubicación ES-MaACL
Número de control de estantería 2094-F-24
Sublocalización o colección R.90966
Holdings
Estatus retirado Estado de pérdida Estado de daño No para préstamo Colección Biblioteca de origen Biblioteca actual Ubicación en estantería Fecha de adquisición Fuente de adquisición Total de préstamos Signatura topográfica completa Código de barras Visto por última vez Precio de reemplazo Tipo de ítem Koha
        Colección de folletos Biblioteca del Ateneo de Madrid Biblioteca del Ateneo de Madrid Depósito folletos 17/01/2008     2094-F-24 1144627 23/02/2023 23/02/2023 Folleto